000 00433nam a2200121 a 4500
001 ASINB0067MPZJQ
005 20140905191048.0
008 140905s2003 xxu eng d
100 1 _aHafeez R Hoorani.
245 1 0 _aProceedings of internationalbhurban conference :
_bHafeez R Hoorani
260 _aIslamabad :
_bNCP,
_c2003 277 p. ;
_c23 cm.
856 4 0 _3Amazon.com
_uhttp://www.amazon.com/exec/obidos/ASIN/B0067MPZJQ/chopaconline-20
999 _c9411
_d9411